000 00326nam a22001337a 4500
008 170630b xxu||||| |||| 00| 0 eng d
020 _a9780312100759
041 _aeng
080 _a82
100 _a22
101 _aGJL
245 _aTHE BEDFOTD COMPANION AN INTRODUCTION DOCUMENTS
_cMCDONALD.R
942 _2udc
_cBK
999 _c19707
_d19707